Книга о значимости стремления улучшать свои деяния по мере сил (Запись № 9933722)
[ простой вид ]
| 000 -МАРКЕР | |
|---|---|
| контрольное поле | 02339nam0a22003851i 4500 |
| 001 - ИДЕНТИФИКАТОР ЗАПИСИ | |
| контрольное поле | RU\NLR\BIBL_A\010452166 |
| 005 - ИДЕНТИФИКАТОР ВЕРСИИ | |
| контрольное поле | 20241105180408.0 |
| 010 ## - МЕЖДУНАРОДНЫЙ СТАНДАРТНЫЙ НОМЕР КНИГИ (ISBN) | |
| Номер (ISBN) | 9785020365681 |
| Тираж | 500 |
| 021 ## - НОМЕР ГОСУДАРСТВЕННОЙ РЕГИСТРАЦИИ | |
| Код страны | Российская Федерация |
| Номер | 2014-43276 |
| Номер Листа государственной регистраци | 2634 |
| 035 ## - ДРУГИЕ СИСТЕМНЫЕ НОМЕРА | |
| Идентификатор записи | (NILC)RuMoRGB-007505634 |
| 035 ## - ДРУГИЕ СИСТЕМНЫЕ НОМЕРА | |
| Идентификатор записи | (NLR Aleph) 010452166 |
| 100 ## - ДАННЫЕ ОБЩЕЙ ОБРАБОТКИ | |
| Данные общей обработки | 20140818d2014 k y0rusy50 ca |
| 101 1# - ЯЗЫК РЕСУРСА | |
| Язык текста, звукозаписи и т.д. | русский |
| -- | арабский |
| -- | аварский |
| Язык оригинала | арабский |
| 102 ## - СТРАНА ПУБЛИКАЦИИ ИЛИ ПРОИЗВОДСТВА | |
| Страна публикации | Российская Федерация |
| 105 ## - ПОЛЕ КОДИРОВАННЫХ ДАННЫХ: ТЕКСТОВЫЕ МАТЕРИАЛЫ, МОНОГРАФИЧЕСКИЕ | |
| Кодированные данные о монографическом текстовом документе | ach|z|||000ya |
| 200 1# - ЗАГЛАВИЕ И СВЕДЕНИЯ ОБ ОТВЕТСТВЕННОСТИ | |
| Основное заглавие | Книга о значимости стремления улучшать свои деяния по мере сил |
| Параллельное заглавие | Китаб ′ибарат ал-и′тибар фи истислах ал-а′мал би ḳадри ал-иḳтидар |
| Сведения, относящиеся к заглавию | [перевод на русский и аварский языки арабоязычного автобиографического произведения] |
| Первые сведения об ответственности | Мухаммадтахир ал-Карахи |
| Последующие сведения об ответственности | пер. с араб. и коммент. Р.С. Абдулмажидова [и др.] |
| -- | Рос. акад. наук, Дагест. науч. центр, Ин-т истории, археологии и этнографии |
| Язык параллельного заглавия | аварский |
| 210 ## - ПУБЛИКАЦИЯ, РАСПРОСТРАНЕНИЕ И ДР. | |
| Место издания, распространения и т.д. | Москва |
| Имя издателя, распространителя и т. д. | Наука |
| -- | Восточная литература |
| Дата издания, распространения и т.д. | 2014 |
| 215 ## - ФИЗИЧЕСКАЯ ХАРАКТЕРИСТИКА | |
| Специфическое обозначение материала и объем | 133, [1] с. |
| Другие сведения о физической характеристике | ил., факс., портр. |
| Размеры | 20 |
| 300 ## - ОБЩИЕ ПРИМЕЧАНИЯ | |
| Текст примечания | Текст на рус. и авар. яз. |
| 320 ## - ПРИМЕЧАНИЯ О НАЛИЧИИ В ДОКУМЕНТЕ БИБЛИОГРАФИИ / УКАЗАТЕЛЯ | |
| Текст примечания | Библиогр.: с. 103-105, в подстроч. примеч. и в тексте примеч. |
| 510 1# - ПАРАЛЛЕЛЬНОЕ ЗАГЛАВИЕ | |
| Связь между полями | z11790 |
| Параллельное заглавие | Китаб ′ибарат ал-и′тибар фи истислах ал-а′мал би ḳадри ал-иḳтидар |
| Язык заглавия | аварский |
| 600 #0 - ИМЯ ЛИЦА КАК ПРЕДМЕТ | |
| Начальный элемент ввода | Мухаммад Тахир аль Карахи |
| Даты | 1809 – 1882 гг. |
| Системный номер авторитетной/нормативной записи | 2196654 |
| Идентификатор авторитетной/нормативной записи | RU\NLR\AUTH\6601555486 |
| 686 1# - ИНДЕКСЫ ДРУГИХ КЛАССИФИКАЦИЙ | |
| Индекс | Т1(2Р-6Д)5-8 |
| 700 #0 - ИМЯ ЛИЦА - ПЕРВИЧНАЯ ОТВЕТСТВЕННОСТЬ | |
| Начальный элемент ввода | Мухаммад Тахир аль Карахи |
| Даты | 1809–1882 |
| Системный номер авторитетной/нормативной записи | 193084 |
| Идентификатор авторитетной/нормативной записи | RU\NLR\AUTH\770193135 |
| 702 #1 - ИМЯ ЛИЦА - ВТОРИЧНАЯ ОТВЕТСТВЕННОСТЬ | |
| Начальный элемент ввода | Абдулмажидов |
| Часть имени, кроме начального элемента ввода | Р. С. |
| Расширение инициалов личного имени | Рамазан Султанович |
| Код отношения | Комментатор |
| 790 #1 - ИМЯ ЛИЦА - АЛЬТЕРНАТИВНАЯ ФОРМА | |
| Графика поля | Кириллица |
| Материалы, к которым относится поле | ava |
| Начальный элемент ввода | Къарахъф |
| Часть имени, кроме начального элемента ввода | М. |
| Даты | 1809–1882 |
| Расширение инициалов личного имени | Мухiаммадтiагьир |
| Системный номер авторитетной/нормативной записи | 136358 |
| Идентификатор авторитетной/нормативной записи | RU\NLR\AUTH\770136393 |
| 801 #0 - ИСТОЧНИК ЗАПИСИ | |
| Страна | Российская Федерация |
| Организация | РГБ |
| Дата составления | 20140611 |
| Правила каталогизации | RCR |
| 852 ## - МЕСТОНАХОЖДЕНИЕ И ШИФР ХРАНЕНИЯ | |
| Идентификатор организации | NLR |
| Наименование фонда или коллекции (Sub-Location Identifier) | ОЛСАА-сл-спр |
| Шифр хранения (Call Number) | 2-5381 |
| 852 ## - МЕСТОНАХОЖДЕНИЕ И ШИФР ХРАНЕНИЯ | |
| Идентификатор организации | NLR |
| Наименование фонда или коллекции (Sub-Location Identifier) | ОЛСАА-сл-спр |
| Шифр хранения (Call Number) | 2-5381 |
| 942 ## - ДОПОЛНИТЕЛЬНЫЕ ЭЛЕМЕНТЫ ЗАПИСИ (АБИС) | |
| Тип экземпляра АБИС | Книга |
| 980 ## - КОЛЛЕКЦИЯ | |
| Название коллекции | НБР |
| 980 1# - КОЛЛЕКЦИЯ | |
| Название коллекции | |
Нет доступных экземпляров.